NLSUI OPAC header image

The principles of equitable remedies : Injuctions, specifiic performance, and equitagle damages (Record no. 27566)

MARC details
000 -LEADER
fixed length control field 01356nam a2200229Ia 4500
003 - CONTROL NUMBER IDENTIFIER
control field OSt
005 - DATE AND TIME OF LATEST TRANSACTION
control field 20210203161631.0
008 - FIXED-LENGTH DATA ELEMENTS--GENERAL INFORMATION
fixed length control field 160316s2010 xxu||||| |||| 00| 0 eng d
020 ## - INTERNATIONAL STANDARD BOOK NUMBER
International Standard Book Number 9780455227498
040 ## - CATALOGING SOURCE
Transcribing agency nls
082 ## - DEWEY DECIMAL CLASSIFICATION NUMBER
Classification number 347.017000
Item number SPR
100 ## - MAIN ENTRY--PERSONAL NAME
Personal name Spry I C F
245 ## - TITLE STATEMENT
Title The principles of equitable remedies : Injuctions, specifiic performance, and equitagle damages
250 ## - EDITION STATEMENT
Edition statement 8th
260 ## - PUBLICATION, DISTRIBUTION, ETC.
Place of publication, distribution, etc. England
Name of publisher, distributor, etc. Sweet & Maxwell
Date of publication, distribution, etc. 2010
300 ## - PHYSICAL DESCRIPTION
Extent 723
Dimensions xxi
365 ## - TRADE PRICE
Price amount Rs. 15,983
505 ## - FORMATTED CONTENTS NOTE
Formatted contents note Table of Contents.<br/>Preface to the First Edition;<br/>Preface to the Eight Edition;<br/>Table of Cases;<br/>Chapter 1 The technique of equity;<br/>Chapter 2 Territorial limitations of equitable jurisdiction;<br/>Chapter 3 The specific performance of contracts;<br/>Chapter 4 Injunctions;<br/>Chapter 5 The enforcement of contracts by injunction;<br/>Chapter 6 Rectification;<br/>Chapter 7 The award of damages in equity;<br/>Appendix A – The enforcement of undertakings as to damages;<br/>Appendix B – Property rights enforced by injunction;<br/>Appendix C – Orders to carry on business: Co-operative insurance society let v. Argyll stores (Holding) ltd.;<br/>Appendix D – Patrick stevedores operations No. 2 pty.ltd. v. Maritime union of Australia;<br/>Maritime Union o Australian Cases;<br/>Index.<br/>
650 ## - SUBJECT ADDED ENTRY--TOPICAL TERM
Topical term or geographic name entry element 1.Equitable Remedies
700 ## - ADDED ENTRY--PERSONAL NAME
Personal name
--
942 ## - ADDED ENTRY ELEMENTS (KOHA)
Source of classification or shelving scheme Dewey Decimal Classification
Koha item type BOOKs
Holdings
Withdrawn status Lost status Damaged status Not for loan Home library Current library Shelving location Date acquired Cost, normal purchase price Total Checkouts Full call number Barcode Date last seen Price effective from Koha item type Public note
        . . NAB Compactor 30.05.2017 15983.00   347.017 SPR 24976 30.05.2017 30.05.2017 BOOKs Kept in the NAB Compactor